Major League Baseball (MLB) Home Runs by Country (20th-27th Place) - Statistics

General Stats
  • This quiz has been taken 67 times
    39 since last reset
  • The average score is 4 of 8
Answer Stats
Total # of Players in MLB History Total # of Home Runs Country % Correct
9 33 Italy
84%
7 31 France
79%
18 24 Taiwan
74%
5 30 Russia
68%
2 42 Honduras
58%
1 18 Belize
32%
3 54 Norway
26%
3 66 Slovakia
16%
No matching quizzes found
Score Distribution
Percent of People with Each Score
Percentile by Number Answered
Your Score History
You have not taken this quiz since the last reset